Normal view
MARC view
Entry Personal Name
001 - CONTROL NUMBER
- control field: 42685
003 - CONTROL NUMBER IDENTIFIER
- control field: OSt
005 - DATE AND TIME OF LATEST TRANSACTION
- control field: 20230524205127.0
008 - FIXED-LENGTH DATA ELEMENTS
- fixed length control field: 230524|| aca||aabn | a|a d
040 ## - CATALOGING SOURCE
- Original cataloging agency: OSt
- Transcribing agency: OSt
100 ## - HEADING--PERSONAL NAME
- Personal name: "K.G.Srinivasa , P.M Krishnaraj "
670 ## - SOURCE DATA FOUND
- Source citation: Work cat.: (OSt)57675: K.R.Venugopal , File Structures Using C++
